000 00390nam a22001577a 4500
005 20260508112620.0
008 160426b xxu||||| |||| 00| 0 eng d
020 _a978-81-317-1104-0
041 _aeng
082 _a658.5
100 _aTana, Hamdy A
_958
245 _aOperations Research: An Introduction
260 _aNew Delhi
_bPearson Prantics Hall,
_c2009
300 _a775
942 _cBK
999 _c35
_d35